Giannis Antetokounmpo Quiz - Statistics

General Stats
  • This quiz has been taken 737 times
  • The average score is 11 of 12
Answer Stats
Hint Answer % Correct
NBA Team Milwaukee Bucks
100%
Year Drafted 2013
99%
Number 34
99%
Country From Greece
99%
First Year as All Star 2017
96%
Name of at least one brother Kostas
94%
Career High Steals 5
89%
Career High Blocks 7
83%
Career High Rebounds 21
81%
Career High Assists 14
80%
Career High Points 44
75%
NBA Award he won Most Improved Player
71%
No matching quizzes found
Score Distribution
Percent of People with Each Score
Percentile by Number Answered
Your Score History
You have not taken this quiz